000 02790nkm0a2200517 4500
001 RU\NLR\BIBL_A\022683801
005 20260406001107.0
035 _a(NLR Aleph) 022683801
090 _a89095
_c89095
100 _a20251209d1944 u y0rusy50 ca
101 0 _apol
102 _aRU
116 _aiiycxx bf ad
135 _acrcn 024anaba
181 0 _ab4
_bxb2e
182 0 _an
200 1 _aO polskie słupy graniczne na Odrze!
_e[плакат]
203 _aИзображение
_bнеподвижное
_bдвухмерное
_bвизуальное
_cнепосредственное
210 _a[S. l.]
_cNakładem Resortu Propagandy i Informacji Polskiego Komitetu Wyzwolenia Narodowego
_d[1944]
215 _a1 л.
_cхромолитогр.
_d56,6х39,5
300 _aПод изобр. справа внизу факс. подписи художника - В. С. Иванова: "Wiktor J.-44"
325 _aКопия доступна в Электрон. б-ке РНБ
327 0 _aСолдат Войска Польского на фоне пограничного столба и карты Польши
541 1 _aЗа польские пограничные посты на Одере!
601 0 2 _aНародное Войско Польское
_xИстория
_z1943 - 1956
_jПлакаты
_2nlr_sh2
_3RU\NLR\AUTH\661600272
_92151298
606 1 _aПлакат русский советский
_z1941 - 1945
_2nlr_sh2
_3RU\NLR\AUTH\661423877
_92387198
606 1 _aВеликая Отечественная война
_z1941 - 1945
_jПлакаты
_2nlr_sh1
_2nlr_sh2
_3RU\NLR\AUTH\668893
_9903571
606 1 _aВторая мировая война
_z1939 - 1945
_yПольша
_jПлакаты
_2nlr_sh1
_2nlr_sh2
_3RU\NLR\AUTH\6651523
_9982197
686 _aЩ153(2Р=Рус)7-466
700 1 _7ba
_8rus
_aIvanov
_bV. S.
_cхудожник
_f1909-1968
_gViktor Semenovič
_3RU\NLR\AUTH\770287830
_4040
_92690212
712 0 2 _8pol
_aPolski komitet wyzwolenia narodowego
_bResort propagandy i informacji
_7ba
_3RU\NLR\AUTH\880636228
_4650
_92689371
830 _aПКНО существовал с 21.07 по 31.12 1944 г. Е.В.В.
852 0 0 _aNLR
_bЭ
_jПлИр995/5-653
852 0 0 _aNLR
_bЭ
_jПлИр995/5-653
856 0 _uhttps://vivaldi.nlr.ru/la700001438/view
856 1 _uhttps://vivaldi.nlr.ru/la700001438/cover
856 2 _uhttps://vivaldi.nlr.ru/la700001438/text
942 _cVISUAL
945 _aРоссийская национальная библиотека
980 _aBV
980 _aNB
981 1 7 _a(17) Изографические материалы
_b(17) Плакаты